[Event "European zonal D"]
[Site "Pula CRO"]
[Date "1975.10.22"]
[Round "1"]
[White "Augustin, Josef"]
[Black "Borngasser, Rene"]
[Result "1/2-1/2"]
[WhiteElo "2370"]
[BlackElo "2365"]
[EventDate "1975.10.22"]
[PlyCount "49"]

1.e4 c5 2.Nc3 Nc6 3.g3 g6 4.Bg2 Bg7 5.d3 e6 6.Nh3 Nge7 7.Be3 d6 8.O-O O-O 
9.Qd2 Nd4 10.Bh6 f6 11.Bxg7 Kxg7 12.Nd1 e5 13.f4 Be6 14.Kh1 Qd7 15.Ng1 
Rad8 16.c3 Ndc6 17.c4 Nd4 18.Ne3 Rb8 19.Rf2 a6 20.Raf1 b5 21.b3 b4 22.Ne2 
Bg8 23.h4 Be6 24.Kh2 Rbe8 25.Nd5 1/2-1/2

[Event "European zonal D"]
[Site "Pula CRO"]
[Date "1975.10.22"]
[Round "1"]
[White "Barle, Janez"]
[Black "Hazai, Laszlo"]
[Result "1/2-1/2"]
[WhiteElo "2330"]
[BlackElo "2420"]
[EventDate "1975.10.22"]
[PlyCount "37"]

1.e4 Nf6 2.Nc3 d5 3.exd5 Nxd5 4.Bc4 Nb6 5.Bb3 Nc6 6.Nf3 Bf5 7.d3 e6 8.Bf4 
Be7 9.Qd2 O-O 10.O-O Nd5 11.Nxd5 exd5 12.Rfe1 Bf6 13.Bg5 Bxg5 14.Qxg5 Nd4 
15.Qf4 Nxf3+ 16.Qxf3 Be6 17.c4 dxc4 18.dxc4 c6 19.Bc2 1/2-1/2

[Event "European zonal D"]
[Site "Pula CRO"]
[Date "1975.10.22"]
[Round "1"]
[White "Bellon Lopez, Juan Manuel"]
[Black "Stull, Norbert"]
[Result "1-0"]
[WhiteElo "2415"]
[BlackElo "2260"]
[EventDate "1975.10.22"]
[PlyCount "41"]

1.Nf3 Nf6 2.g3 g6 3.b3 Bg7 4.Bb2 O-O 5.Bg2 c5 6.O-O Nc6 7.c4 d5 8.cxd5 
Nxd5 9.Bxg7 Kxg7 10.Qc1 b6 11.Nc3 Bb7 12.Rd1 e5 13.e3 f6 14.Nxd5 Qxd5 15.
d4 exd4 16.Nxd4 Qxg2+ 17.Kxg2 Nxd4+ 18.Kh3 Bc8+ 19.g4 Ne2 20.Qc4 h5 21.Kg2
1-0

[Event "European zonal D"]
[Site "Pula CRO"]
[Date "1975.10.22"]
[Round "1"]
[White "Bukic, Enver"]
[Black "Schmidt, Wlodzimierz"]
[Result "1/2-1/2"]
[WhiteElo "2455"]
[BlackElo "2465"]
[EventDate "1975.10.22"]
[PlyCount "49"]

1.d4 Nf6 2.c4 g6 3.Nf3 Bg7 4.Nc3 d5 5.e3 O-O 6.b4 b6 7.Bb2 c5 8.bxc5 bxc5 
9.Rc1 cxd4 10.Nxd4 Bb7 11.Be2 dxc4 12.O-O Nc6 13.Nxc6 Bxc6 14.Ba3 Qa5 15.
Bxe7 Rfe8 16.Qd6 Nd5 17.Nxd5 Qxd5 18.Qxd5 Bxd5 19.Bb4 Rec8 20.Bc3 Rab8 21.
Rfd1 Be6 22.Kf1 Bxc3 23.Rxc3 Rb2 24.Rdc1 Rd8 25.R1c2 1/2-1/2

[Event "European zonal D"]
[Site "Pula CRO"]
[Date "1975.10.22"]
[Round "1"]
[White "Pritchett, Craig William"]
[Black "Urzica, Aurel"]
[Result "1-0"]
[WhiteElo "2390"]
[BlackElo "2250"]
[EventDate "1975.10.22"]
[PlyCount "39"]

1.e4 e5 2.Nf3 Nc6 3.Bb5 Bc5 4.c3 f5 5.d4 fxe4 6.Bxc6 dxc6 7.Nxe5 Bd6 8.
Qh5+ g6 9.Qe2 Qh4 10.Nd2 Bxe5 11.dxe5 Bf5 12.h3 Qg5 13.g4 Be6 14.Nxe4 Qxe5
15.Bg5 Kf7 16.Qf3+ Kg7 17.Bf4 Qb5 18.O-O-O Re8 19.Be3 c5 20.Bxc5 1-0

[Event "European zonal D"]
[Site "Pula CRO"]
[Date "1975.10.23"]
[Round "2"]
[White "Borngasser, Rene"]
[Black "Bukic, Enver"]
[Result "1/2-1/2"]
[WhiteElo "2365"]
[BlackElo "2455"]
[EventDate "1975.10.22"]
[PlyCount "37"]

1.e4 c5 2.Nc3 d6 3.g3 Nc6 4.Bg2 g6 5.d3 Bg7 6.Be3 e5 7.Qd2 Nge7 8.h4 h5 9.
Nge2 Nd4 10.O-O Bg4 11.f3 Be6 12.f4 O-O 13.Kh2 Bg4 14.Ng1 Qd7 15.Rf2 exf4 
16.Bxf4 Kh7 17.Raf1 f6 18.Be3 Nec6 19.Nh3 1/2-1/2

[Event "European zonal D"]
[Site "Pula CRO"]
[Date "1975.10.23"]
[Round "2"]
[White "Hazai, Laszlo"]
[Black "Pritchett, Craig William"]
[Result "1/2-1/2"]
[WhiteElo "2420"]
[BlackElo "2390"]
[EventDate "1975.10.22"]
[PlyCount "33"]

1.e4 c5 2.Nf3 e6 3.d3 Nc6 4.g3 d5 5.Qe2 Nf6 6.e5 Nd7 7.Bg2 Be7 8.h4 O-O 9.
O-O b5 10.Bf4 a5 11.Nbd2 b4 12.Rfe1 Ba6 13.h5 Rc8 14.Nf1 Nd4 15.Nxd4 cxd4 
16.Nh2 Bg5 17.Nf3 1/2-1/2

[Event "European zonal D"]
[Site "Pula CRO"]
[Date "1975.10.23"]
[Round "2"]
[White "Hug, Werner"]
[Black "Augustin, Josef"]
[Result "1/2-1/2"]
[WhiteElo "2420"]
[BlackElo "2370"]
[EventDate "1975.10.22"]
[PlyCount "35"]

1.e4 e6 2.d3 c5 3.g3 Nc6 4.Bg2 g6 5.Nf3 Bg7 6.O-O Nge7 7.Re1 d6 8.c3 e5 9.
a3 O-O 10.b4 cxb4 11.cxb4 a6 12.Bb2 b5 13.Nbd2 a5 14.bxa5 Qxa5 15.Nb3 Qb6 
16.d4 Bg4 17.d5 Na5 18.Nxa5 1/2-1/2

[Event "European zonal D"]
[Site "Pula CRO"]
[Date "1975.10.23"]
[Round "2"]
[White "Knaak, Rainer"]
[Black "Bellon Lopez, Juan Manuel"]
[Result "1-0"]
[WhiteElo "2510"]
[BlackElo "2415"]
[EventDate "1975.10.22"]
[PlyCount "61"]

1.d4 Nf6 2.c4 c5 3.d5 b5 4.cxb5 a6 5.bxa6 g6 6.Nf3 Bxa6 7.Nc3 d6 8.e4 Bxf1
9.Kxf1 Bg7 10.g3 O-O 11.Kg2 Nbd7 12.h3 Qa5 13.Re1 Rfb8 14.Re2 Ne8 15.Bg5 
Ne5 16.Nxe5 Bxe5 17.Rc1 Ra7 18.Qd3 Nc7 19.f4 Bf6 20.Bxf6 exf6 21.b3 Nb5 
22.Nxb5 Qxb5 23.Qf3 Ra3 24.Rcc2 Rba8 25.Qc3 Kg7 26.g4 R8a4 27.Qb2 Qa6 28.
bxa4 Qd3 29.Qc1 Qg3+ 30.Kh1 Rd3 31.Qf1 1-0

[Event "European zonal D"]
[Site "Pula CRO"]
[Date "1975.10.23"]
[Round "2"]
[White "Padevsky, Nikola"]
[Black "Csom, Istvan"]
[Result "1-0"]
[WhiteElo "2480"]
[BlackElo "2530"]
[EventDate "1975.10.22"]
[PlyCount "83"]

1.e4 c5 2.Nf3 d6 3.d4 Nf6 4.Nc3 cxd4 5.Nxd4 Nc6 6.Bc4 Qb6 7.Nb3 e6 8.O-O 
Be7 9.a4 a6 10.Qe2 Ne5 11.a5 Qc7 12.Bd3 Nxd3 13.cxd3 b5 14.axb6 Qxb6 15.
Na5 Bd7 16.Be3 Qb8 17.Nc4 Bd8 18.f4 O-O 19.e5 Ne8 20.Qf2 Bc6 21.exd6 Qb7 
22.Bc5 Nf6 23.Ne5 Nd7 24.Bd4 Bf6 25.Rae1 Rfd8 26.Re3 Bd5 27.Rg3 Qb4 28.
Nxd5 exd5 29.Nc6 Bxd4 30.Nxd4 Kf8 31.Nc6 Qxd6 32.Nxd8 Rxd8 33.Qd4 Nf6 34.
Rc1 Rb8 35.Re3 h6 36.Qc5 Qxc5 37.Rxc5 Kg8 38.Re2 Rb6 39.Rec2 Kh7 40.h3 Nh5
41.Rf2 Rb4 42.Rxd5 1-0

[Event "European zonal D"]
[Site "Pula CRO"]
[Date "1975.10.24"]
[Round "3"]
[White "Augustin, Josef"]
[Black "Padevsky, Nikola"]
[Result "1/2-1/2"]
[WhiteElo "2370"]
[BlackElo "2480"]
[EventDate "1975.10.22"]
[PlyCount "67"]

1.Nf3 g6 2.d4 Bg7 3.e4 c6 4.Nc3 d6 5.h3 Nf6 6.Bd3 O-O 7.O-O Nbd7 8.Re1 e5 
9.Be3 Re8 10.Qd2 Qc7 11.Rad1 b5 12.a3 a6 13.dxe5 dxe5 14.Nh2 Bb7 15.f3 Nf8
16.Ng4 Ne6 17.Qf2 Nxg4 18.hxg4 Bf6 19.Na2 Qe7 20.Nc1 Bh4 21.g3 Bg5 22.Nb3 
Bxe3 23.Qxe3 c5 24.Na5 Rad8 25.Nxb7 Qxb7 26.Kf2 Rd7 27.c3 Red8 28.Bc2 c4 
29.Rxd7 Rxd7 30.Rd1 Rxd1 31.Bxd1 Qd7 32.Bc2 Qd6 33.Ke2 Nc5 34.Ke1 1/2-1/2

[Event "European zonal D"]
[Site "Pula CRO"]
[Date "1975.10.24"]
[Round "3"]
[White "Barle, Janez"]
[Black "Borngasser, Rene"]
[Result "1-0"]
[WhiteElo "2330"]
[BlackElo "2365"]
[EventDate "1975.10.22"]
[PlyCount "75"]

1.d4 f5 2.g3 Nf6 3.Bg2 g6 4.Nf3 Bg7 5.O-O O-O 6.Nc3 d5 7.Ne5 e6 8.Bg5 h6 
9.Bxf6 Rxf6 10.e3 Nd7 11.f4 Nxe5 12.fxe5 Rf7 13.Ne2 Kh7 14.Nf4 Bd7 15.g4 
Qe7 16.gxf5 gxf5 17.Qh5 Rg8 18.Qg6+ Kh8 19.Rf3 Qe8 20.Rg3 Re7 21.Kh1 Qf7 
22.Rg1 Be8 23.Qxf7 Bxf7 24.Bf3 Kh7 25.Bh5 Bf8 26.Bxf7 Rxg3 27.Rxg3 Rxf7 
28.Nxe6 Be7 29.Nxc7 Bh4 30.Nxd5 Bxg3 31.hxg3 Kg8 32.Kg2 Rg7 33.Kf3 Kf7 34.
Kf4 Rg4+ 35.Kxf5 Rxg3 36.e6+ Kf8 37.Kf6 Rf3+ 38.Ke5 1-0

[Event "European zonal D"]
[Site "Pula CRO"]
[Date "1975.10.24"]
[Round "3"]
[White "Bukic, Enver"]
[Black "Hug, Werner"]
[Result "1/2-1/2"]
[WhiteElo "2455"]
[BlackElo "2420"]
[EventDate "1975.10.22"]
[PlyCount "29"]

1.Nf3 Nf6 2.c4 g6 3.Nc3 Bg7 4.e4 d6 5.d4 O-O 6.Be2 Bg4 7.Be3 Nfd7 8.Rc1 e5
9.d5 a5 10.h3 Bxf3 11.Bxf3 f5 12.g4 f4 13.Bd2 Bf6 14.Na4 Na6 15.O-O 
1/2-1/2

[Event "European zonal D"]
[Site "Pula CRO"]
[Date "1975.10.24"]
[Round "3"]
[White "Csom, Istvan"]
[Black "Stull, Norbert"]
[Result "1-0"]
[WhiteElo "2530"]
[BlackElo "2260"]
[EventDate "1975.10.22"]
[PlyCount "113"]

1.e4 Nf6 2.d3 c5 3.Nf3 Nc6 4.g3 g6 5.Bg2 Bg7 6.c3 O-O 7.O-O d6 8.h3 Bd7 9.
Re1 Ne8 10.d4 cxd4 11.cxd4 Qb6 12.Be3 Qxb2 13.Nbd2 Na5 14.Rb1 Qa3 15.Qc1 
Qxc1 16.Rexc1 Nf6 17.Nc4 Nxc4 18.Rxc4 Nxe4 19.Rxb7 Be6 20.Rcc7 Bxa2 21.
Rxa7 Rxa7 22.Rxa7 Be6 23.Rxe7 Rb8 24.Ra7 h6 25.Ra5 d5 26.Ne5 Rb3 27.g4 
Rb1+ 28.Kh2 Rb2 29.Nd3 Rc2 30.Nb4 Rb2 31.Ra8+ Kh7 32.Nd3 Rc2 33.Bxe4 dxe4 
34.Nc5 Bd5 35.Rd8 Bc6 36.Kg2 f5 37.gxf5 gxf5 38.Ne6 Bb5 39.Rb8 Bc4 40.Nf4 
Ba2 41.Rb7 Kg8 42.Rb8+ Kh7 43.Rb5 Bf6 44.Rxf5 Bh4 45.Re5 Bb1 46.Rb5 Ba2 
47.Kg1 Rc7 48.Re5 Rg7+ 49.Kh2 Bb1 50.Rh5 Bg5 51.Ne6 Bxe3 52.fxe3 Ra7 53.
Kg3 Bd3 54.Rc5 Ra1 55.Kf4 Rf1+ 56.Ke5 Rf3 57.d5 1-0

[Event "European zonal D"]
[Site "Pula CRO"]
[Date "1975.10.24"]
[Round "3"]
[White "Pritchett, Craig William"]
[Black "Schmidt, Wlodzimierz"]
[Result "1/2-1/2"]
[WhiteElo "2390"]
[BlackElo "2465"]
[EventDate "1975.10.22"]
[PlyCount "127"]

1.e4 Nf6 2.e5 Nd5 3.d4 d6 4.c4 Nb6 5.exd6 cxd6 6.Nc3 g6 7.h3 Bg7 8.Nf3 O-O
9.Be2 Nc6 10.O-O Bf5 11.Be3 d5 12.c5 Nc4 13.Bxc4 dxc4 14.Qa4 Bd3 15.Rfd1 
Qa5 16.Qxa5 Nxa5 17.Ne1 Bf5 18.d5 h5 19.f3 Rac8 20.Rac1 Rfd8 21.g4 hxg4 
22.hxg4 Bd7 23.Kf2 f5 24.g5 e6 25.c6 bxc6 26.dxe6 Bxe6 27.Bxa7 Rxd1 28.
Rxd1 c5 29.Nc2 Nb7 30.Bb6 Rc6 31.Bd8 Kf7 32.Bf6 Bxf6 33.gxf6 Kxf6 34.Ne3 
g5 35.Ncd5+ Bxd5 36.Nxd5+ Ke6 37.Ne3 Ra6 38.Rh1 Rxa2 39.Nxc4 Na5 40.Rh6+ 
Kd5 41.Nxa5 Rxa5 42.Rh5 Rb5 43.Rxg5 Ke5 44.Kg3 Rxb2 45.Rg8 c4 46.f4+ Kd4 
47.Rd8+ Kc3 48.Rd5 Rb3 49.Kh4 Kb2 50.Kg5 c3 51.Kxf5 c2 52.Rd2 Kc3 53.Rxc2+
Kxc2 54.Ke6 Re3+ 55.Kd6 Rf3 56.Ke5 Kd3 57.f5 Kc4 58.f6 Kc5 59.Ke6 Kc6 60.
f7 Kc7 61.Ke7 Re3+ 62.Kf6 Rf3+ 63.Ke7 Rxf7+ 64.Kxf7 1/2-1/2

[Event "European zonal D"]
[Site "Pula CRO"]
[Date "1975.10.24"]
[Round "3"]
[White "Urzica, Aurel"]
[Black "Hazai, Laszlo"]
[Result "0-1"]
[WhiteElo "2250"]
[BlackElo "2420"]
[EventDate "1975.10.22"]
[PlyCount "54"]

1.e4 Nf6 2.e5 Nd5 3.d4 d6 4.c4 Nb6 5.f4 Bf5 6.Nc3 e6 7.Nf3 Na6 8.Be3 c5 9.
Be2 Be7 10.O-O O-O 11.Rc1 dxe5 12.fxe5 cxd4 13.Nxd4 Bg6 14.Ncb5 Nd7 15.Bf4
Nac5 16.Nc3 Qb6 17.Kh1 Qxb2 18.Rf3 Qb6 19.Re3 Rad8 20.Qf1 f6 21.Nf3 fxe5 
22.Bxe5 Nxe5 23.Rxe5 Bd6 24.Qe1 Rxf3 25.Bxf3 Bxe5 26.Qxe5 Nd3 27.c5 Qb2 
0-1

[Event "European zonal D"]
[Site "Pula CRO"]
[Date "1975.10.25"]
[Round "4"]
[White "Borngasser, Rene"]
[Black "Pritchett, Craig William"]
[Result "1-0"]
[WhiteElo "2365"]
[BlackElo "2390"]
[EventDate "1975.10.22"]
[PlyCount "111"]

1.e4 c5 2.Nf3 e6 3.d4 cxd4 4.Nxd4 Nf6 5.Nc3 d6 6.g4 a6 7.g5 Nfd7 8.Be3 Nc6
9.Qd2 Be7 10.h4 O-O 11.O-O-O Nxd4 12.Bxd4 b5 13.Bd3 Bb7 14.Ne2 Rc8 15.f4 
Nc5 16.Ng3 Re8 17.Kb1 Bf8 18.g6 fxg6 19.h5 gxh5 20.Nxh5 Bxe4 21.Bxe4 Nxe4 
22.Qg2 e5 23.fxe5 dxe5 24.Qxe4 exd4 25.Nf6+ Qxf6 26.Qxh7+ Kf7 27.Rhf1 Be7 
28.Qh5+ Kf8 29.Qh8+ Kf7 30.Qh5+ Kf8 31.Rxf6+ Bxf6 32.a3 Rc6 33.Qh8+ Kf7 
34.Qh5+ Kf8 35.Qd5 Ree6 36.Rh1 Ke7 37.Rh8 Kf7 38.Qh5+ Ke7 39.Qd5 Kf7 40.
Qh5+ Ke7 41.Re8+ Kd6 42.Ra8 Re5 43.Qf7 Re6 44.Qb7 Ke5 45.a4 bxa4 46.Qb4 
Kf5 47.Qxa4 Kg6 48.Ka2 Kf7 49.Qb3 Rd6 50.Qd3 Be7 51.Ra7 Rf6 52.Rc7 Rfe6 
53.Qf5+ Rf6 54.Qh5+ Rg6 55.Rc4 Bg5 56.Qg4 1-0

[Event "European zonal D"]
[Site "Pula CRO"]
[Date "1975.10.25"]
[Round "4"]
[White "Hug, Werner"]
[Black "Barle, Janez"]
[Result "1-0"]
[WhiteElo "2420"]
[BlackElo "2330"]
[EventDate "1975.10.22"]
[PlyCount "111"]

1.e4 e5 2.Nf3 Nc6 3.Bc4 Bc5 4.Nc3 Nf6 5.d3 d6 6.Bg5 Na5 7.Bb3 Nxb3 8.axb3 
Be6 9.Na4 h6 10.Bh4 Bg4 11.Nxc5 dxc5 12.h3 Bxf3 13.Qxf3 Qd6 14.Bxf6 Qxf6 
15.Qxf6 gxf6 16.Ra5 b6 17.Ra6 Kd7 18.O-O Kc6 19.f4 Kb7 20.Raa1 Rh7 21.fxe5
fxe5 22.Rf6 a5 23.Rf5 Re8 24.Raf1 Re7 25.Rh5 Re6 26.Rhf5 Re7 27.g4 Kc6 28.
Rf6+ Kb5 29.R1f5 a4 30.bxa4+ Kxa4 31.Rh5 c4 32.dxc4 Kb4 33.Rhxh6 Rxh6 34.
Rxh6 Rd7 35.Rf6 Kxc4 36.Kf2 Rd2+ 37.Ke3 Rh2 38.Rc6+ Kb5 39.Rxc7 Rxh3+ 40.
Kf2 Rh2+ 41.Kg3 Re2 42.Kf3 Re1 43.Re7 f6 44.g5 fxg5 45.Rxe5+ Kc4 46.Rxg5 
Rf1+ 47.Ke2 Rb1 48.b3+ Kc3 49.Rb5 Rc1 50.Rxb6 Rxc2+ 51.Ke3 Rh2 52.e5 Rh1 
53.Ke4 Rh4+ 54.Kd5 Rh5 55.Kd6 Kd4 56.e6 1-0

[Event "European zonal D"]
[Site "Pula CRO"]
[Date "1975.10.25"]
[Round "4"]
[White "Padevsky, Nikola"]
[Black "Bukic, Enver"]
[Result "1/2-1/2"]
[WhiteElo "2480"]
[BlackElo "2455"]
[EventDate "1975.10.22"]
[PlyCount "36"]

1.e4 c5 2.c3 e6 3.d4 d5 4.exd5 exd5 5.Nf3 Nc6 6.Bb5 Bd6 7.O-O Ne7 8.dxc5 
Bxc5 9.Nbd2 O-O 10.Nb3 Bd6 11.Nbd4 Bg4 12.Be2 Re8 13.Be3 a6 14.Re1 Qc7 15.
h3 Bh5 16.Nh4 Bg6 17.Bd3 Ne5 18.Bxg6 hxg6 1/2-1/2

[Event "European zonal D"]
[Site "Pula CRO"]
[Date "1975.10.25"]
[Round "4"]
[White "Schmidt, Wlodzimierz"]
[Black "Urzica, Aurel"]
[Result "1-0"]
[WhiteElo "2465"]
[BlackElo "2250"]
[EventDate "1975.10.22"]
[PlyCount "131"]

1.Nf3 Nf6 2.c4 e6 3.g3 d5 4.Bg2 Be7 5.O-O O-O 6.d4 Nbd7 7.Qc2 c6 8.b3 b6 
9.Rd1 Bb7 10.Nc3 Rc8 11.e4 c5 12.exd5 exd5 13.Bb2 Ba8 14.cxd5 Nxd5 15.Nxd5
Bxd5 16.dxc5 Rxc5 17.Qe2 Bf6 18.b4 Bc4 19.Qc2 Rc7 20.Rac1 Qe7 21.Bxf6 Nxf6
22.Nd4 Rfc8 23.Qb2 b5 24.a3 a6 25.Nf5 Qe6 26.Bh3 Kf8 27.Rd6 Qe4 28.Rxf6 
Be6 29.Rxc7 Rxc7 30.Rxe6 fxe6 31.Ne3 Kf7 32.Bg2 Qd3 33.h4 Qc3 34.Qe2 g6 
35.h5 Qxa3 36.hxg6+ hxg6 37.Qg4 Qa1+ 38.Kh2 Qe5 39.Be4 Qh5+ 40.Kg2 Qxg4 
41.Nxg4 Kg7 42.Ne5 g5 43.Kf3 Rc3+ 44.Kg4 Kf6 45.Nd3 Ra3 46.Kf3 a5 47.bxa5 
b4 48.Ke3 b3 49.Kd2 Rxa5 50.Kc3 Rb5 51.g4 b2 52.Nxb2 Ke5 53.f3 Kf4 54.Nd3+
Ke3 55.Kc4 Rb8 56.Kc5 Rd8 57.Ne5 Kf4 58.Ng6+ Ke3 59.Kc6 Rd1 60.Kc7 Rd2 61.
Bc6 Rd4 62.Bb7 Rb4 63.Be4 Rd4 64.Bc6 Rd1 65.Nf8 Rf1 66.Nd7 1-0

[Event "European zonal D"]
[Site "Pula CRO"]
[Date "1975.10.25"]
[Round "4"]
[White "Stull, Norbert"]
[Black "Augustin, Josef"]
[Result "0-1"]
[WhiteElo "2260"]
[BlackElo "2370"]
[EventDate "1975.10.22"]
[PlyCount "80"]

1.e4 e5 2.Nf3 Nc6 3.Bb5 a6 4.Ba4 Nf6 5.O-O Be7 6.Re1 b5 7.Bb3 d6 8.c3 O-O 
9.h3 h6 10.d4 Re8 11.Nbd2 Bf8 12.Nf1 Bd7 13.Ng3 Na5 14.Bc2 c5 15.b3 Nc6 
16.d5 Ne7 17.Be3 Qc7 18.Qd2 Ng6 19.Rad1 Reb8 20.Nf5 a5 21.g4 b4 22.cxb4 
axb4 23.Bb1 Ra6 24.Rc1 Qa7 25.Kh2 Ne8 26.Rg1 Nc7 27.h4 f6 28.g5 fxg5 29.
Bxg5 hxg5 30.Qxg5 Bxf5 31.exf5 Nf4 32.f6 c4 33.Rcf1 Ncxd5 34.Qf5 Nxf6 35.
Qxf6 cxb3 36.Qf5 bxa2 37.Qh7+ Kf7 38.Qf5+ Kg8 39.Qh7+ Kf7 40.Qf5+ Ke8 0-1

[Event "European zonal D"]
[Site "Pula CRO"]
[Date "1975.10.27"]
[Round "5"]
[White "Augustin, Josef"]
[Black "Knaak, Rainer"]
[Result "1/2-1/2"]
[WhiteElo "2370"]
[BlackElo "2510"]
[EventDate "1975.10.22"]
[PlyCount "45"]

1.e4 Nc6 2.Nf3 d6 3.d4 Bg4 4.Be3 Nf6 5.Nc3 g6 6.h3 Bxf3 7.Qxf3 Bg7 8.Bb5 
O-O 9.Rd1 Nd7 10.O-O e5 11.Bxc6 bxc6 12.Qe2 Qb8 13.b3 Qb4 14.Qd2 f5 15.
exf5 gxf5 16.f4 exf4 17.Bxf4 Rae8 18.Rf3 Kh8 19.Kh1 Re6 20.d5 cxd5 21.Nxd5
Qxd2 22.Bxd2 c6 23.Nf4 1/2-1/2

[Event "European zonal D"]
[Site "Pula CRO"]
[Date "1975.10.27"]
[Round "5"]
[White "Barle, Janez"]
[Black "Padevsky, Nikola"]
[Result "1-0"]
[WhiteElo "2330"]
[BlackElo "2480"]
[EventDate "1975.10.22"]
[PlyCount "67"]

1.e4 e6 2.d4 d5 3.Nc3 Nf6 4.e5 Nfd7 5.f4 c5 6.Nf3 Nc6 7.Be3 cxd4 8.Nxd4 a6
9.Qg4 g6 10.O-O-O Nxd4 11.Bxd4 b5 12.Bd3 Bb7 13.h4 h5 14.Qh3 Bc5 15.Bxg6 
fxg6 16.Qxe6+ Qe7 17.Qxg6+ Qf7 18.Qg5 Be7 19.Qg3 O-O-O 20.e6 Qxe6 21.Rhe1 
Qf7 22.Bxh8 Rxh8 23.Nxd5 Bxd5 24.Qc3+ Kb7 25.Qxh8 Nf6 26.g3 Bb4 27.c3 Be7 
28.b3 Ba3+ 29.Kc2 Qg6+ 30.Rd3 Be4 31.Rxe4 Nxe4 32.Rd7+ Kb6 33.Qd8+ Kc5 34.
Rc7+ 1-0

[Event "European zonal D"]
[Site "Pula CRO"]
[Date "1975.10.27"]
[Round "5"]
[White "Bukic, Enver"]
[Black "Stull, Norbert"]
[Result "1-0"]
[WhiteElo "2455"]
[BlackElo "2260"]
[EventDate "1975.10.22"]
[PlyCount "63"]

1.d4 Nf6 2.c4 g6 3.Nc3 Bg7 4.e4 d6 5.Nf3 O-O 6.Be2 Bg4 7.h3 Bxf3 8.Bxf3 
Nfd7 9.Be3 Nc6 10.d5 Bxc3+ 11.bxc3 Na5 12.Be2 e5 13.dxe6 fxe6 14.O-O b6 
15.f4 Qe7 16.Qc2 Rf7 17.Rf2 Raf8 18.Raf1 Nc5 19.Bxc5 dxc5 20.e5 Rd8 21.Qe4
Qe8 22.h4 Rfd7 23.h5 Rd2 24.hxg6 hxg6 25.g4 R8d7 26.f5 gxf5 27.gxf5 Rg7+ 
28.Rg2 exf5 29.Rxf5 Rd7 30.Bh5 Qe6 31.Rf6 Qxc4 32.Rf8+ 1-0

[Event "European zonal D"]
[Site "Pula CRO"]
[Date "1975.10.27"]
[Round "5"]
[White "Csom, Istvan"]
[Black "Bellon Lopez, Juan Manuel"]
[Result "1/2-1/2"]
[WhiteElo "2530"]
[BlackElo "2415"]
[EventDate "1975.10.22"]
[PlyCount "98"]

1.c4 c5 2.g3 Nf6 3.Bg2 e6 4.Nf3 a6 5.Nc3 Qc7 6.O-O Be7 7.d3 O-O 8.Bd2 b6 
9.a3 Bb7 10.Rb1 Nc6 11.Qc2 b5 12.cxb5 Nd4 13.Nxd4 cxd4 14.b6 Qxb6 15.Na4 
Qb5 16.Bxb7 Qxb7 17.Rfc1 Rac8 18.Qd1 Qb5 19.Rxc8 Rxc8 20.Rc1 Rxc1 21.Bxc1 
Qh5 22.f3 Qh3 23.Nb6 h5 24.Nc4 d5 25.Nd2 Bd6 26.Qf1 Qf5 27.Kg2 e5 28.Qd1 
h4 29.Nf1 e4 30.Qc2 exf3+ 31.exf3 h3+ 32.Kf2 Ng4+ 33.Ke2 Ne5 34.Bf4 Nc4 
35.Bxd6 Nxd6 36.Qc7 Qe5+ 37.Kd1 f6 38.b4 Nb5 39.Qxe5 fxe5 40.Nd2 Nxa3 41.
Nb3 Nb5 42.Nc5 Kf7 43.Nxa6 Kf6 44.Nc5 Kf5 45.Ke1 Nc3 46.Kf2 Nd1+ 47.Kf1 
Nc3 48.Kf2 Nd1+ 49.Ke1 Nc3 1/2-1/2

[Event "European zonal D"]
[Site "Pula CRO"]
[Date "1975.10.27"]
[Round "5"]
[White "Hazai, Laszlo"]
[Black "Schmidt, Wlodzimierz"]
[Result "1-0"]
[WhiteElo "2420"]
[BlackElo "2465"]
[EventDate "1975.10.22"]
[PlyCount "59"]

1.e4 Nf6 2.Nc3 d5 3.e5 Nfd7 4.d4 e6 5.f4 c5 6.Nf3 Nc6 7.Be3 cxd4 8.Nxd4 
Nxd4 9.Bxd4 Nb8 10.Qd2 Nc6 11.O-O-O Nxd4 12.Qxd4 Bd7 13.f5 Qg5+ 14.Kb1 
Qxf5 15.Bd3 Qg5 16.Rhf1 Be7 17.Nxd5 exd5 18.Qxd5 O-O-O 19.Ba6 bxa6 20.Qa8+
Kc7 21.Qxa7+ Kc8 22.Qxa6+ Kc7 23.Qa7+ Kc8 24.Qa8+ Kc7 25.Qa7+ Kc8 26.Rd6 
Qxe5 27.Rb6 Rde8 28.Rd1 Bd6 29.Rb8+ Bxb8 30.Qxd7# 1-0

[Event "European zonal D"]
[Site "Pula CRO"]
[Date "1975.10.27"]
[Round "5"]
[White "Pritchett, Craig William"]
[Black "Hug, Werner"]
[Result "1/2-1/2"]
[WhiteElo "2390"]
[BlackElo "2420"]
[EventDate "1975.10.22"]
[PlyCount "22"]

1.e4 e6 2.d4 d5 3.Nc3 Nc6 4.Nf3 Nf6 5.Bg5 Bb4 6.e5 h6 7.Bd2 Ne4 8.Bd3 Nxd2
9.Qxd2 a6 10.O-O O-O 11.a3 Be7 1/2-1/2

[Event "European zonal D"]
[Site "Pula CRO"]
[Date "1975.10.27"]
[Round "5"]
[White "Urzica, Aurel"]
[Black "Borngasser, Rene"]
[Result "1-0"]
[WhiteElo "2250"]
[BlackElo "2365"]
[EventDate "1975.10.22"]
[PlyCount "73"]

1.e4 c5 2.Nf3 Nc6 3.d4 cxd4 4.Nxd4 Nf6 5.Nc3 e6 6.Ndb5 d6 7.Bf4 e5 8.Bg5 
a6 9.Na3 b5 10.Nd5 Be6 11.Bxf6 gxf6 12.c3 Bg7 13.Nc2 f5 14.exf5 Bxf5 15.
Nce3 Be6 16.Qh5 Ne7 17.Nxe7 Qxe7 18.Bd3 d5 19.O-O h6 20.f4 e4 21.Bc2 Rd8 
22.Kh1 d4 23.cxd4 Bxd4 24.f5 Bc8 25.Rae1 Qg5 26.Qh3 Bxb2 27.Bxe4 Kf8 28.
Nd5 Be5 29.Qa3+ Bd6 30.Qc3 Rg8 31.Re3 Qh4 32.h3 Qg5 33.Rd3 Rg7 34.f6 Rg8 
35.Ne7 Bxe7 36.Rxd8+ Bxd8 37.Qb4+ 1-0

[Event "European zonal D"]
[Site "Pula CRO"]
[Date "1975.10.28"]
[Round "6"]
[White "Bellon Lopez, Juan Manuel"]
[Black "Augustin, Josef"]
[Result "1/2-1/2"]
[WhiteElo "2415"]
[BlackElo "2370"]
[EventDate "1975.10.22"]
[PlyCount "36"]

1.Nf3 Nf6 2.c4 e6 3.b3 b6 4.g3 Bb7 5.Bg2 Be7 6.Bb2 O-O 7.O-O c5 8.d4 cxd4 
9.Nxd4 Bxg2 10.Kxg2 d5 11.Na3 Qd7 12.Rc1 Rc8 13.cxd5 Qxd5+ 14.f3 Nbd7 15.
Nc6 Bc5 16.Nd4 Bxa3 17.Bxa3 Rxc1 18.Bxc1 Rc8 1/2-1/2

[Event "European zonal D"]
[Site "Pula CRO"]
[Date "1975.10.28"]
[Round "6"]
[White "Borngasser, Rene"]
[Black "Hazai, Laszlo"]
[Result "0-1"]
[WhiteElo "2365"]
[BlackElo "2420"]
[EventDate "1975.10.22"]
[PlyCount "78"]

1.e4 Nf6 2.e5 Nd5 3.Nc3 Nxc3 4.bxc3 d5 5.d4 c5 6.Nf3 Nc6 7.Be2 Bf5 8.Rb1 
Rb8 9.e6 Bxe6 10.Bf4 Rc8 11.Rxb7 c4 12.O-O Na5 13.Rb1 Bf5 14.Ne5 e6 15.g4 
Bg6 16.Bg3 f6 17.Nxg6 hxg6 18.f4 f5 19.gxf5 gxf5 20.Bh5+ Kd7 21.Re1 Bd6 
22.Bf3 Rb8 23.Qe2 Qf6 24.Qg2 Qf7 25.Rbd1 Rb6 26.Re2 Rhb8 27.Qf1 Be7 28.
Rde1 Bf6 29.Qf2 Rh8 30.Qe3 Nb7 31.Qc1 Qf8 32.Re3 Nd8 33.R1e2 Qd6 34.Re1 
Qc6 35.Qd2 Qa4 36.Qg2 Qa5 37.Bf2 Rb5 38.Qf1 Rb2 39.Qe2 Qa6 0-1

[Event "European zonal D"]
[Site "Pula CRO"]
[Date "1975.10.28"]
[Round "6"]
[White "Knaak, Rainer"]
[Black "Bukic, Enver"]
[Result "1-0"]
[WhiteElo "2510"]
[BlackElo "2455"]
[EventDate "1975.10.22"]
[PlyCount "79"]

1.d4 Nf6 2.c4 g6 3.Nc3 Bg7 4.e4 d6 5.f3 O-O 6.Be3 Nbd7 7.Bd3 c5 8.Nge2 a6 
9.O-O Rb8 10.e5 Ne8 11.exd6 exd6 12.Qd2 cxd4 13.Nxd4 Ne5 14.Be2 Nf6 15.
Rad1 Qc7 16.b3 b6 17.Nc2 Rd8 18.Bg5 Bb7 19.f4 Ned7 20.Qxd6 Qc5+ 21.Kh1 Re8
22.Bf3 Bxf3 23.Rxf3 h6 24.Bh4 Qh5 25.Bxf6 Nxf6 26.Rh3 Qg4 27.Ne3 Qe6 28.
Rf3 Qxd6 29.Rxd6 Ne4 30.Nxe4 Rxe4 31.h3 Bd4 32.Nd5 Kg7 33.Rd7 a5 34.Kh2 
Re2 35.Nc7 Bf6 36.a4 Be7 37.Kg3 Bd8 38.Nb5 Bf6 39.Nd6 h5 40.Rxf7+ 1-0

[Event "European zonal D"]
[Site "Pula CRO"]
[Date "1975.10.28"]
[Round "6"]
[White "Padevsky, Nikola"]
[Black "Pritchett, Craig William"]
[Result "1-0"]
[WhiteElo "2480"]
[BlackElo "2390"]
[EventDate "1975.10.22"]
[PlyCount "55"]

1.d4 Nf6 2.c4 e6 3.Nf3 c5 4.e3 d5 5.Nc3 Nc6 6.a3 cxd4 7.exd4 Be7 8.c5 Ne4 
9.Bd3 f5 10.O-O O-O 11.Ne2 Bf6 12.b4 e5 13.Bb2 exd4 14.Nexd4 f4 15.Qc2 
Nxd4 16.Bxd4 Bxd4 17.Nxd4 f3 18.Nxf3 Rxf3 19.Bxe4 dxe4 20.gxf3 Bh3 21.Qb3+
Kh8 22.fxe4 Bxf1 23.Rxf1 a5 24.Qd5 Qh4 25.f3 axb4 26.Qxb7 Rf8 27.axb4 h6 
28.Qd7 1-0